Die 10 fettleibigsten US-Bundesstaaten - Statistiken

Allgemein
  • Dieses Quiz wurde 544 mal gespielt
  • Das Durchschnittsergebnis liegt bei 6 aus 11
Antwortstatistiken
% Staat % Korrekt
33.7 Texas
94%
35.7 Alabama
65%
37.3 Mississippi
59%
35.5 Louisiana
53%
34.2 Kentucky
50%
32.8 Oklahoma
48%
35.7 Arkansas
45%
34.8 Tennessee
45%
32.5 Michigan
39%
32.5 Indiana
34%
37.7 West Virginia
28%
Keine übereinstimmenden Quizze gefunden
Verteilung der Resultate
Anzahl Personen mit jedem Resultat
Perzentil nach korrekt beantworteten Fragen
Ihre Resultats-Entwicklung
Sie haben dieses Quiz noch nicht gespielt